Movies Quiz

Random Movies or Actress Quiz

Meryl Streep Movies By Tagline Quiz Stats

 Plays Quiz not verified by Sporcle

Support Sporcle.
Go Orange.
Score 0/10 Timer 05:00
0 Plays Today
% Correct
The Devil Wears Prada
93.1%
Mamma Mia!
85.2%
Julie & Julia
83.8%
The Post
70.3%
Suffragette
68.2%
The Iron Lady
64.4%
Sophie's Choice
61.2%
It's Complicated
58.3%
Kramer vs. Kramer
40.5%
The Prom
0%

You're not logged in!

Compare scores with friends on all Sporcle quizzes.
OR
Log In

From the Vault

Tennis Players A-Z

by citkeane

The most important part of being a tennis player is to have your own distinctive grunt.
Remove Ads.
Support Sporcle.
Get the best of Sporcle when you Go Orange. This ad-free experience offers more features, more stats, and more fun while also helping to support Sporcle. Thank you for becoming a member.

Show Comments

Extras

Top Quizzes Today


Score Distribution

Your Account Isn't Verified!

In order to create a playlist on Sporcle, you need to verify the email address you used during registration. Go to your Sporcle Settings to finish the process.

Report this User

Report this user for behavior that violates our Community Guidelines.

Details: